Under the drones : (Record no. 15358)
[ view plain ]
| 000 -LEADER | |
|---|---|
| fixed length control field | 02322cam a2200385 i 4500 |
| 001 - CONTROL NUMBER | |
| control field | 17029357 |
| 005 - DATE AND TIME OF LATEST TRANSACTION | |
| control field | 20170105102916.0 |
| 008 - FIXED-LENGTH DATA ELEMENTS--GENERAL INFORMATION | |
| fixed length control field | 111028s2012 mauab b 001 0 eng c |
| 010 ## - LIBRARY OF CONGRESS CONTROL NUMBER | |
| LC control number | 2011044605 |
| 020 ## - INTERNATIONAL STANDARD BOOK NUMBER | |
| International Standard Book Number | 9780674065611 (alkaline paper) |
| 040 ## - CATALOGING SOURCE | |
| Original cataloging agency | ICU/DLC |
| Language of cataloging | eng |
| Transcribing agency | ICU |
| Description conventions | rda |
| Modifying agency | DLC |
| 042 ## - AUTHENTICATION CODE | |
| Authentication code | pcc |
| 043 ## - GEOGRAPHIC AREA CODE | |
| Geographic area code | a-af--- |
| -- | a-pk--- |
| 050 00 - LIBRARY OF CONGRESS CALL NUMBER | |
| Classification number | DS357.6.P18 |
| Item number | U53 2012 |
| 082 00 - DEWEY DECIMAL CLASSIFICATION NUMBER | |
| Classification number | 958.104/71 |
| Edition number | 23 |
| 245 00 - TITLE STATEMENT | |
| Title | Under the drones : |
| Remainder of title | modern lives in the Afghanistan-Pakistan borderlands / |
| Statement of responsibility, etc. | edited by Shahzad Bashir, Robert D. Crews. |
| 300 ## - PHYSICAL DESCRIPTION | |
| Extent | 327 pages : |
| Other physical details | illustrations, maps ; |
| Dimensions | 22 cm |
| 504 ## - BIBLIOGRAPHY, ETC. NOTE | |
| Bibliography, etc. note | Includes bibliographical references (pages 265-310) and index. |
| 505 0# - FORMATTED CONTENTS NOTE | |
| Formatted contents note | Political Struggles over the Afghan-Pakistani Borderlands / Amin Tarzi -- The Transformation of the Afghan-Pakistan Border / Gilles Dorronsoro -- Religious Revivalism across the Durand Line / Sana Haroon -- Taliban, Real and Imagined / James Caron -- Quandaries of the Afghan Nation / Shah Mahmoud Hanifi -- How Tribal are the Taliban? / Thomas Ruttig -- Ethnic Minorities in Search of Political Consolidation / Lutz Rzehak -- Red Mosque / Faisal Devji -- Madrasa Statistics Don't Support the Myth / Tahir Andrabi, Jishnu Das, and Asim Ijaz Khwaja -- Will Sufi Islam save Pakistan? / Farzana Shaikh -- The Politics of Pashtun and Punjabi Truck Decoration / Jamal J. Elias -- The Afghan Mediascape / Nushin Arbabzadah -- Women and the Drug Trade in Afghanistan / Fariba Nawa. |
| 650 #0 - SUBJECT ADDED ENTRY--TOPICAL TERM | |
| Topical term or geographic name entry element | Borderlands |
| Geographic subdivision | Afghanistan. |
| 650 #0 - SUBJECT ADDED ENTRY--TOPICAL TERM | |
| Topical term or geographic name entry element | Borderlands |
| Geographic subdivision | Pakistan. |
| 650 #0 - SUBJECT ADDED ENTRY--TOPICAL TERM | |
| Topical term or geographic name entry element | Islam and politics |
| Geographic subdivision | Afghanistan. |
| 650 #0 - SUBJECT ADDED ENTRY--TOPICAL TERM | |
| Topical term or geographic name entry element | Islam and politics |
| Geographic subdivision | Pakistan. |
| 651 #0 - SUBJECT ADDED ENTRY--GEOGRAPHIC NAME | |
| Geographic name | Afghanistan |
| General subdivision | Relations |
| Geographic subdivision | Pakistan. |
| 651 #0 - SUBJECT ADDED ENTRY--GEOGRAPHIC NAME | |
| Geographic name | Pakistan |
| General subdivision | Relations |
| Geographic subdivision | Afghanistan. |
| 651 #0 - SUBJECT ADDED ENTRY--GEOGRAPHIC NAME | |
| Geographic name | Afghanistan |
| General subdivision | Boundaries |
| Geographic subdivision | Pakistan. |
| 651 #0 - SUBJECT ADDED ENTRY--GEOGRAPHIC NAME | |
| Geographic name | Pakistan |
| General subdivision | Boundaries |
| Geographic subdivision | Afghanistan. |
| 651 #0 - SUBJECT ADDED ENTRY--GEOGRAPHIC NAME | |
| Geographic name | Afghanistan |
| General subdivision | Politics and government. |
| 651 #0 - SUBJECT ADDED ENTRY--GEOGRAPHIC NAME | |
| Geographic name | Pakistan |
| General subdivision | Politics and government. |
| 700 1# - ADDED ENTRY--PERSONAL NAME | |
| Personal name | Bashir, Shahzad, |
| Dates associated with a name | 1968- , |
| Relator term | editor of compilation. |
| 700 1# - ADDED ENTRY--PERSONAL NAME | |
| Personal name | Crews, Robert D., |
| Dates associated with a name | 1970- , |
| Relator term | editor of compilation. |
| 906 ## - LOCAL DATA ELEMENT F, LDF (RLIN) | |
| a | 7 |
| b | cbc |
| c | orignew |
| d | 1 |
| e | ecip |
| f | 20 |
| g | y-gencatlg |
| 942 ## - ADDED ENTRY ELEMENTS (KOHA) | |
| Source of classification or shelving scheme | |
| Koha item type | Book |
| Withdrawn status | Lost status | Damaged status | Not for loan | Collection code | Permanent Location | Current Location | Shelving location | Date acquired | Total Checkouts | Full call number | Barcode | Date last seen | Date last checked out | Price effective from | Koha item type |
|---|---|---|---|---|---|---|---|---|---|---|---|---|---|---|---|
| Centre for International Peace & Stability (CIPS) | Centre for International Peace & Stability (CIPS) | General Stacks | 10/02/2013 | 1 | 958.10471 UND 2012 | CIPS0002243 | 10/30/2015 | 09/16/2015 | 11/27/2013 | Book |
